Quartieri di Sanremo - Statistics

Statistiche generali
  • Questo quiz è stato fatto 10 volte
  • Il punteggio medio è 6 su 12
Statistiche sulle risposte
Risposta % Corretto
Pigna
100%
Foce
78%
Borgo
67%
Borgo Tinasso
67%
San Martino
67%
Baragallo
56%
Madonna della Costa
44%
Pian di Poma
44%
San Lorenzo
44%
Polo Nord
33%
San Lazzaro
22%
Solaro
22%
Nessun quiz corrispondente trovato
Distribuzione punteggi
Percentuale di utenti per punteggio
Percentile per numero di risposta
I tuoi punteggi nel tempo
Non hai fatto questo quiz